Hóa học vô cơ
Sách gồm 5 chương giới thiệu: Phức chất của các kim loại chuyển tiếp họ d; Các kim loại chuyển tiếp d dãy thứ nhất; Các kim loại chuyển tiếp d dãy thứ hai và thứ ba; Các nguyên tố Lantanit; Các nguyên tố Actinit....
محفوظ في:
| المؤلف الرئيسي: | |
|---|---|
| التنسيق: | كتاب |
| اللغة: | Undetermined |
| منشور في: |
Hà Nội
Giáo dục Việt Nam
2011
|
| الموضوعات: | |
| الوسوم: |
إضافة وسم
لا توجد وسوم, كن أول من يضع وسما على هذه التسجيلة!
|
| Thư viện lưu trữ: | Trung tâm Học liệu Trường Đại học Cần Thơ |
|---|
| LEADER | 00882nam a2200205Ia 4500 | ||
|---|---|---|---|
| 001 | CTU_176747 | ||
| 008 | 210402s9999 xx 000 0 und d | ||
| 020 | |c 58000 | ||
| 082 | |a 546 | ||
| 082 | |b Đ450/Q.2 | ||
| 100 | |a Vũ, Đăng Độ | ||
| 245 | 0 | |a Hóa học vô cơ | |
| 245 | 0 | |c Vũ Đăng Độ | |
| 260 | |a Hà Nội | ||
| 260 | |b Giáo dục Việt Nam | ||
| 260 | |c 2011 | ||
| 520 | |a Sách gồm 5 chương giới thiệu: Phức chất của các kim loại chuyển tiếp họ d; Các kim loại chuyển tiếp d dãy thứ nhất; Các kim loại chuyển tiếp d dãy thứ hai và thứ ba; Các nguyên tố Lantanit; Các nguyên tố Actinit. | ||
| 650 | |a Inorganic chemistry,Hóa học vô cơ | ||
| 904 | |i Trọng Hiếu | ||
| 980 | |a Trung tâm Học liệu Trường Đại học Cần Thơ | ||